[Event "GER-chT U16"]
[Site "Kiel"]
[Date "2022.07.24"]
[Round "3.9"]
[White "Matiashvili, Alexander Michael"]
[Black "Junge, Mattheo Gabriel"]
[Result "0-1"]
[WhiteElo "1397"]
[BlackElo "1146"]
[PlyCount "82"]
[EventDate "2022.07.22"]
[EventType "team-swiss"]
[EventRounds "7"]
[EventCountry "GER"]
[SourceTitle "CBM 209 Extra"]
[Source "ChessBase"]
[SourceDate "2022.09.30"]
[SourceVersion "1"]
[SourceVersionDate "2022.09.30"]
[SourceQuality "1"]
[WhiteTeam "Weisse Dame"]
[BlackTeam "Schott Jena"]
[WhiteTeamCountry "GER"]
[BlackTeamCountry "GER"]

1. e4 e5 2. Nf3 Nc6 3. Bb5 a6 4. Ba4 Nf6 5. 0-0 Be7 6. Re1 b5 7. Bb3 d6 8. c3 Na5 9. Bc2 c5 10. d3 0-0 11. Nbd2 Nc6 12. Nf1 Re8 13. Ng3 h6 14. h3 Bf8 15. d4 Qc7 16. d5 Nd8 17. c4 bxc4 18. Ba4 Re7 19. Nd2 Nd7 20. Nf5 Nb6 21. Nxe7+ Bxe7 22. Qc2 Nxa4 23. Qxa4 Bd7 24. Qxc4 Bb5 25. Qc3 Nb7 26. Nc4 Bd8 27. Bd2 Bd7 28. Qg3 Kh7 29. Rac1 Bb5 30. f4 f6 31. f5 Be8 32. b4 Qd7 33. Rb1 Rc8 34. Qa3 cxb4 35. Rxb4 Nc5 36. Nb6 Bxb6 37. Rxb6 Qe7 38. Bb4 Bb5 39. Bxc5 Rxc5 40. Rb8 Qa7 41. Rd8 Rc3+ 0-1

[Event "GER-ch U25-C"]
[Site "Willingen"]
[Date "2018.05.25"]
[Round "8"]
[White "Matiashvili, Alexander Michael"]
[Black "Zalomska, Nikola"]
[Result "0-1"]
[WhiteElo "847"]
[BlackElo "1174"]
[PlyCount "58"]
[EventDate "2018.05.19"]
[EventType "swiss"]
[EventRounds "9"]
[EventCountry "GER"]
[SourceTitle "CBM 184 Extra"]
[Source "ChessBase"]
[SourceDate "2018.06.28"]
[SourceVersion "1"]
[SourceVersionDate "2018.06.28"]
[SourceQuality "1"]

1. e4 e5 2. Nf3 Nc6 3. Bc4 Bc5 4. 0-0 Nf6 5. d4 exd4 6. e5 Ng4 7. Bf4 0-0 8. c3 dxc3 9. Nxc3 Na5 10. Bd3 c6 11. a3 Nxf2 12. Rxf2 Bxf2+ 13. Kxf2 Qb6+ 14. Be3 Qxb2+ 15. Kg1 Qxc3 16. Rc1 Qb3 17. Qd2 b6 18. Qf2 Qxd3 19. Bf4 Qxa3 20. Qg3 g6 21. Qh4 Re8 22. Qh6 Qf8 23. Qh3 d5 24. g4 h5 25. Ng5 Bxg4 26. Qe3 Nc4 27. Qd4 Qc5 28. Qxc5 bxc5 29. h3 Bf5 0-1

[Event "GER-ch U25-C"]
[Site "Willingen"]
[Date "2018.05.23"]
[Round "5"]
[White "Matiashvili, Alexander Michael"]
[Black "Foos, Vanessa"]
[Result "0-1"]
[WhiteElo "847"]
[BlackElo "1166"]
[PlyCount "38"]
[EventDate "2018.05.19"]
[EventType "swiss"]
[EventRounds "9"]
[EventCountry "GER"]
[SourceTitle "CBM 184 Extra"]
[Source "ChessBase"]
[SourceDate "2018.06.28"]
[SourceVersion "1"]
[SourceVersionDate "2018.06.28"]
[SourceQuality "1"]

1. e4 e5 2. Nf3 Nc6 3. Bc4 Bc5 4. 0-0 Nf6 5. d4 exd4 6. e5 Ng4 7. Ng5 0-0 8. Qxg4 d5 9. Bd3 Bxg4 10. c3 g6 11. h3 Bf5 12. Bxf5 gxf5 13. e6 Ne5 14. Rd1 dxc3 15. Nxc3 Re8 16. Rxd5 Qf6 17. Rxc5 fxe6 18. Rxc7 f4 19. Rxh7 Qxg5 0-1